000 00596nam a2200229 4500
003 OSt
005 20260601193843.0
008 260421b1980 enka|||| |||| 00| 0 eng d
040 _aICI
_bspa
_cICI
041 _aeng
050 _aTS171
_bH47
100 1 _aHeskett, John
245 1 _aIndustrial Design
_cJohn Heskett
264 _bThames and Hudson
_c1980
_aLondon
300 _a216 páginas
_bilustraciones
336 _atexto
_2rdacontent
337 _asin medio
_2rdamedia
338 _avolumen
_2rdacarrier
500 _a Incluye indice
650 _aDiseño industrial
942 _2ddc
_cB
999 _c21534
_d21534